Abhi to jee le / (Record no. 45745)

MARC details
000 -LEADER
fixed length control field 01206njm a22002897a 4500
005 - DATE AND TIME OF LATEST TRANSACTION
control field 20100909110752.0
007 - PHYSICAL DESCRIPTION FIXED FIELD--GENERAL INFORMATION
fixed length control field sd ammalaaahaa
008 - FIXED-LENGTH DATA ELEMENTS--GENERAL INFORMATION
fixed length control field 100907t xxu||||| |||| 00| 0 eng d
028 ## - PUBLISHER NUMBER
Publisher number N. 7030
Source His Master's Voice
035 ## - SYSTEM CONTROL NUMBER
System control number GR-02447
040 ## - CATALOGING SOURCE
Original cataloging agency SED/VEN
100 ## - MAIN ENTRY--PERSONAL NAME
Personal name Kishor Kumar and Chorus
9 (RLIN) 18700
245 ## - TITLE STATEMENT
Title Abhi to jee le /
Statement of responsibility, etc by Kishor Kumar and Chorus;music by Sapan Jagmohan; lyrics naqsh Lallpuri
246 ## - VARYING FORM OF TITLE
Title proper/short title अभी तो जी ले /किशोर कुमार एंड चोरुस द्वारा
260 ## - PUBLICATION, DISTRIBUTION, ETC. (IMPRINT)
Place of publication, distribution, etc HisMaster's Voice
Name of publisher, distributor, etc odeon
300 ## - PHYSICAL DESCRIPTION
Extent 1 Sound Disc [Gramophone Record] :
Other physical details analog.45 rpm
Dimensions 7.5 in (SP)
Type of unit Gramophone Record
500 ## - GENERAL NOTE
General note Brief Record
505 ## - FORMATTED CONTENTS NOTE
Formatted contents note Side 1-अभी तो जी ले (Abhi to jee le)(Kishor kumar and Chorus)--Side-२ जब राम नाम ले ले (Jab raam naam le le)(Kishor kumar and Chorus)
650 ## - SUBJECT ADDED ENTRY--TOPICAL TERM
Topical term or geographic name as entry element Classical Music
General subdivision Excerpts
Geographic subdivision India
9 (RLIN) 18707
700 ## - ADDED ENTRY--PERSONAL NAME
9 (RLIN) 18701
Personal name Jagmohan, Sapan
700 ## - ADDED ENTRY--PERSONAL NAME
9 (RLIN) 18729
Personal name Indiwar
700 ## - ADDED ENTRY--PERSONAL NAME
9 (RLIN) 19930
700 ## - ADDED ENTRY--PERSONAL NAME
9 (RLIN) 18702
700 ## - ADDED ENTRY--PERSONAL NAME
9 (RLIN) 19401
942 ## - ADDED ENTRY ELEMENTS (KOHA)
Source of classification or shelving scheme Dewey Decimal Classification
Item type Gramaphone Records
Holdings
Withdrawn status Lost status Source of classification or shelving scheme Damaged status Not for loan Collection code Home library Current library Date acquired Source of acquisition Total Checkouts Barcode Date last seen Copy number Price effective from Koha item type
    Dewey Decimal Classification   Not For Loan Non-fiction Central Library Central Library 14/09/2010 SED/VEN   GR-02447 14/09/2010 1 14/09/2010 Gramaphone Records

© Delhi Public Library
Hit Counter
free hit counter